| 000 | 00472nam a2200145Ia 4500 | ||
|---|---|---|---|
| 008 | 170224s9999 xx 000 0 und d | ||
| 100 | _aSean Lochrie | ||
| 245 | _aEngaging and marketing to stakeholders in World Heritage Site management: a United Kingdom multiple case study perspective | ||
| 245 | _cSean Lochrie | ||
| 260 | _bJournal of Marketing Research | ||
| 260 | _c2016 | ||
| 300 | _a32:15-16, Pages: 1392-1418 | ||
| 500 | _aNovember | ||
| 650 | _xMarketing. | ||
| 999 |
_c315968 _d315968 |
||